| 000 | 00515nam a2200145Ia 4500 | ||
|---|---|---|---|
| 008 | 170224s9999 xx 000 0 und d | ||
| 100 | _aRaymond S. Schmidgall | ||
| 245 | _aHow To Best Use Financial Ratios in Benchmarking and Decision Making in Clubs: Review of the Decade 2003–2012 | ||
| 245 | _cRaymond S. Schmidgall & Agnes DeFranco | ||
| 260 | _bInternational Journal of Hospitality & Tourism Administration | ||
| 260 | _c2016 | ||
| 300 | _a17:2, Pages: 179-197 | ||
| 500 | _a2016 | ||
| 650 | _xTourism. | ||
| 999 |
_c315605 _d315605 |
||